000 00553nam a2200181Ia 4500
008 100920s9999 xx 000 0 und d
082 _b38925
_a24 थ 75
100 _aजोशी प्रल्हाद नरहर.
245 _aविराट पर्व.
260 _bनूतन प्रकाशन, पुणे.
_c1975
300 _a91
_bसाधी
365 _b6
520 _aसायो.
630 _aविराट पर्व.
650 _aसायो.
730 _aविराट पर्व.
942 _cBOOK
999 _c690806
_d690803